• 首页
  • 本馆介绍
  • 公告通知
  • 最新文献
  • 馆藏检索
  • 电子资源
  • 读者导购
  • 参考咨询
  • 我的图书馆
  • 登录
  • 详细信息显示
  • 放入我的书架
  • 预约/预借图书
  • 作者相关作品
  • 分类相关作品
  • 丛书相关作品
  • 出版社相关作品

书目信息

  • 表格格式
  • 工作单格式
  • 卡片格式
题名:
管理会计学
    
 
作者: 汉森 , 莫文 著 ;陈良华 译
分册:  
出版信息: 北京   中国人民大学出版社  2005
页数: 984页
开本: 26cm
丛书名: 工商管理经典译丛. 会计与财务系列
单 册:
中图分类: F234.3
科图分类:
主题词: 管理会计
电子资源:
ISBN: 7-300-06479-5
000 01357nam0 2200325 450
000 01346nam0 2200313 450
000 01277nam0 2200289 450
000 01241oam2 2200277 45
005 20070725165727.51
010    @a7-300-06479-5@dCNY96.00
100    @a20070627d2005 em y0chiy0120 ea
101 1  @achi@ceng
102    @aCN@b110000
105    @ay z 000yy
200 1  @a管理会计学@AGuan Li Hui Ji Xue@f[美]唐·R·汉森(Don R.Hansen),[美]玛丽安娜·M·莫温(Maryanne M.Mowen)著@F[ Mei ] Tang· R· Han Sen (Don R.Hansen),[ Mei ] Ma Li An Na· M· Mo Wen (Maryanne M.Mowen) Zhu@g陈良华等译
205    @a6版
210    @a北京@c中国人民大学出版社@d2005
215    @a984页@d26cm
225 2  @a工商管理经典译丛. 会计与财务系列
305    @a汤姆森学习出版集团授权出版据原书第6版译出
330    @a本书共分为19章,全面介绍了管理会计的概念、原理、方法及其实际运用。具体介绍了管理会计的作用、成本归集和产品成本计算、规划与控制、管理决策的制定等。
410  0 @12001 @a工商管理经典译丛. 会计与财务系列
510 1  @aManagement Accounting : 6th Edition@zeng
606 0  @a管理会计
690    @aF234.3@v4
701  1 @c(美)@a汉森@AHan Sen@g(Hansen, Don R.)@4著
701  1 @c(美)@a莫文@AMo Wen@c(女,@gMowen, Maryanne M.)@4著
702  0 @a陈良华@AChen Liang Hua@f(1963.12~)@4译
801  0 @aCN@bTAOJIN@c20070725
905    @a10447@dF234.3@e289=6
    
    管理会计学/[美]唐·R·汉森(Don R.Hansen),[美]玛丽安娜·M·莫温(Maryanne M.Mowen)著/陈良华等译.-6版.-北京:中国人民大学出版社,2005
    984页;26cm.-(工商管理经典译丛. 会计与财务系列)
    
    
    ISBN 7-300-06479-5:CNY96.00
    本书共分为19章,全面介绍了管理会计的概念、原理、方法及其实际运用。具体介绍了管理会计的作用、成本归集和产品成本计算、规划与控制、管理决策的制定等。
●
相关链接 在E读中查询图书 在五车中查询图书 在当当中查询图书 在豆瓣中查询图书


正题名:管理会计学     索取号:F234.3/289=6         预约/预借

序号 登录号 条形码 馆藏地/架位号 状态 备注
1 0825629   208256297   第一样本阅览室/ [索取号:F234.3/289=6] 在馆    
2 0825630   208256304   第一借阅区/ [索取号:F234.3/289=6] 在馆    
3 0825631   208256313   第一借阅区/ [索取号:F234.3/289=6] 在馆    
4 0825632   208256322   第一借阅区/ [索取号:F234.3/289=6] 在馆    
5 0825633   208256331   第一借阅区/ [索取号:F234.3/289=6] 在馆    
6 0825634   208256340   第一借阅区/ [索取号:F234.3/289=6] 在馆    
7 0825635   208256359   第一借阅区/ [索取号:F234.3/289=6] 在馆    
8 0825636   208256368   第一借阅区/ [索取号:F234.3/289=6] 在馆    
唐山师范学院图书馆 欢迎您!
大连网信软件有限公司© 版权所有